[Event "FIDE World Cup"]
[Site "Baku"]
[Date "2015.09.17"]
[Round "3.1"]
[White "Karjakin, Sergey"]
[Black "Yu, Yangyi"]
[Result "1-0"]
[WhiteElo "2762"]
[BlackElo "2721"]
[Annotator "Stohl,I"]
[PlyCount "79"]
[EventDate "2015.09.11"]
[EventType "k.o."]
[EventRounds "7"]
[EventCountry "AZE"]
[SourceTitle "CBM 169"]
[Source "ChessBase"]
[SourceDate "2015.11.10"]
[SourceVersion "1"]
[SourceVersionDate "2015.11.10"]
[SourceQuality "1"]

1. e4 c5 2. Nf3 e6 3. d4 cxd4 4. Nxd4 Nc6 5. Nc3 Nf6 {Yu started allowing/
enticing the Sveshnikov only in Baku.} ({Earlier he played the popular Paulsen
continuation} 5... Qc7 {, but maybe the following game shortly before the WCup
discouraged him:} 6. g3 (6. Be3 {is nowadays the main move:} a6 7. Qd2 Nf6 8.
O-O-O Be7 9. f4 b5 10. e5 b4 11. exf6 bxc3 12. Qxc3 Bxf6 13. g4 h6 14. h4 Bb7
15. Rh2 Rc8 16. Qd2 Nxd4 17. Bxd4 Bxd4 18. Qxd4 O-O 19. g5 h5 20. Rf2 d5 21.
Re1 g6 22. Re3 a5 23. Rb3 a4 24. Qxa4 Qc5 25. Rg2 Ra8 26. Qb4 Qxb4 27. Rxb4
Rxa2 $132 {Saric,I (2637)-Yu,Y (2677) Wijk aan Zee 2014 Black equalised, but
later got too optimistic and went on to lose.}) 6... a6 7. Bg2 Nf6 8. O-O h5 $5
({Fashionable, the more restrained alternatives are} 8... d6 {, or the
immediate}) (8... Nxd4) 9. Re1 Nxd4 10. Qxd4 Bc5 11. Bf4 d6 12. Qd2 Ng4 13. Re2
e5 14. Nd5 Qc6 (14... Qd8 $5 15. Bg5 f6 16. Be3 Nxe3 17. Nxe3 Be6 18. Nf5 O-O
$5 (18... Qc7 19. b4 Bb6 20. Qxd6 Qxd6 21. Nxd6+ Ke7 22. Nf5+ Kf7 23. c4 $1 $16
{Lu,S (2570)-Van Foreest,J (2493) Moscow 2015}) 19. b4 Bb6 $44 {seems playable}
) 15. Be3 Nxe3 16. Nxe3 g6 17. Rd1 Be6 18. b4 Bxe3 19. Rxe3 Bxa2 $6 (19... Rc8
$142 $5 $132) 20. Rc3 Qb6 21. Qxd6 Qxd6 22. Rxd6 O-O 23. Bh3 b5 24. Rc5 Bc4 25.
Bf1 $36 {Lu,S (2607)-Yu,Y (2726) Zaozhuang 2015}) 6. Nxc6 {Karjakin refuses
the offer, as White can also fight for an edge with the text move.} ({In Baku
White had no success against the Sveshnikov:} 6. Ndb5 d6 7. Bf4 e5 8. Bg5 a6 9.
Na3 b5 10. Nd5 Be7 11. Bxf6 Bxf6 12. c4 (12. Nb1 {is rare and artificial:} Rb8
13. Nd2 Be6 14. Nf3 O-O 15. c3 Bg5 16. Be2 Bh6 17. O-O Ne7 18. Nxe7+ Qxe7 19.
Qc2 Rfc8 20. Rfd1 a5 21. Bd3 Qc7 22. Qe2 b4 23. Ba6 Rd8 (23... bxc3 $1 24. Bxc8
Rxb2 $36) 24. c4 Rf8 25. Nh4 g6 26. b3 Bg5 27. Nf3 Bd8 28. Qd2 Rb6 {½,
Motylev,A (2649)-Grachev,B (2649) Baku 2015}) (12. c3 Ne7 13. Nc2 {is too
feeble:} (13. Nxf6+ $142 {is the only way to fight for an advantage}) 13...
Nxd5 14. Qxd5 Rb8 15. Nb4 Bb7 16. Qd3 O-O 17. Be2 a5 18. Nd5 b4 19. O-O bxc3
20. bxc3 Bg5 21. Rab1 Qd7 22. Rb3 Bc6 23. Rfb1 Rxb3 24. Rxb3 g6 25. Rb6 Rc8 26.
h3 Bxd5 27. Qxd5 Rxc3 28. Rxd6 Qe7 $11 {[%csl Ge2,Gg5] Giri,A (2793)-Carlsen,M
(2853) Saint Louis 2015 Here the ^- led to a quick draw.}) 12... b4 13. Nc2 O-O
14. Be2 (14. g3 a5 15. h4 Be6 16. Qd2 (16. Bh3 a4 $5 17. Bxe6 fxe6 18. Ndxb4
Nxb4 19. Nxb4 Qb6 20. Qd2 Be7 $44) {also allows the pawn sacrifice} 16... a4 $5
17. Ndxb4 Qb6 18. a3 Na5 19. Rd1 Qb7 20. Ne3 Nb3 21. Qc3 Nd4 22. Bd3 Bd8 $36
23. O-O Bh3 $15 {Iordachescu,V (2583)-Yu,Y (2721) Baku 2015}) 14... a5 15. O-O
Bg5 16. Qd3 Be6 17. Rad1 {gives Black a choice; a playable option is the more
complex} Ra7 $5 (17... Bxd5 18. Qxd5 Qb6 19. b3 Rfd8 $11 {is simple and
roughly equal}) 18. Bf3 g6 19. Qe2 Qb8 20. b3 a4 21. Qd3 Ra5 22. Nde3 $11 {
½, Motylev,A (2649)-Grachev,B (2649) Baku 2015}) 6... bxc6 7. e5 Nd5 8. Ne4
Qc7 (8... Bb7 {was mainstream about a decade ago, but here White retains the
initiative with the recent novelty} 9. Be2 c5 10. O-O Qc7 11. Nd6+ ({The simple
} 11. c4 {is also pleasant for White:} Ne3 12. Bxe3 Bxe4 13. Bf4 Be7 14. Rc1
Qb7 15. f3 Bc6 16. Rc2 O-O 17. Rd2 a5 18. Qc2 f5 19. exf6 gxf6 20. Bd3 Rf7 21.
Be4 Ra6 22. Rfd1 $36 {Solodovnichenko,Y (2587)-Westerberg,J (2443) Vaxjo 2015})
11... Bxd6 12. exd6 Qc6 13. f3 c4 14. Qd4 O-O 15. Bxc4 Rfc8 16. b3 Qxd6 17. Rd1
Qb6 18. Qxb6 axb6 19. a4 $5 $146 Nb4 (19... Bc6 20. Bd2 Nf6 21. Bf1 d5 22. Be3
Nd7 23. c4 Nc5 24. Rab1 Nxb3 25. cxd5 Bxd5 26. Rxd5 exd5 27. Rxb3 Rxa4 28. Bxb6
$14 {Shirov,A (2715)-Westerberg,J (2478) Skopje 2015}) (19... f6 $5) 20. Rxd7
Bc6 $6 (20... Nxc2 21. Rb1 Bc6 $14) 21. Rd2 b5 22. Ba3 $1 bxc4 23. Bxb4 cxb3
24. cxb3 Bd5 25. a5 Bxb3 26. a6 $16 {[%csl Ga6] Geller,J (2474)-Lintchevski,D 
(2554) Kazan 2015}) 9. f4 Qb6 10. c4 Bb4+ 11. Ke2 f5 12. exf6 ({White has
chances to come out on top even after} 12. Nf2 Ba6 13. Kf3 Ne7 14. Be3 Bc5 15.
Bxc5 Qxc5 16. Qd6 Qa5 (16... Qb6 17. b3 {has been played more often; the more
recent try doesn't substantially change the character of the position.}) 17.
Be2 g5 18. Rhd1 Rd8 19. g3 g4+ (19... Ng6 20. Ke3 gxf4+ 21. gxf4 Rg8 22. b3
Qb6+ 23. Rd4 c5 24. Qxb6 axb6 25. Rd6 Rb8 26. Rad1 $16 {Leon Hoyos,M (2376)
-Otero Acosta,D (2400) Santa Clara 2005}) 20. Kg2 c5 21. Kg1 Nc8 ({Too passive
} 21... h5 $5 {deserves attention}) 22. Qd2 Qb6 23. Rab1 Qc6 24. b4 Bb7 25. Bf1
cxb4 26. Qxb4 Ba8 27. Qa5 $16 {[%cal Rb1b8] Areshchenko,A (2656)-Terrieux,K 
(2440) Grosseto Prugna 2015 White's queenside play is faster than the
impending counterattack.}) 12... Nxf6 13. Be3 Qd8 (13... Qa5 {doesn't solve
the opening problems after} 14. Nxf6+ gxf6 15. Kf2 O-O 16. Bd3 Rf7 17. a3 Bc5
18. Re1 Rg7 19. Qc1 (19. b4 Bxe3+ 20. Rxe3 Qc7 21. g3 $14 {/+/-}) 19... Bb7 20.
b4 Bxe3+ 21. Rxe3 Qc7 22. Rg3 c5 (22... a5 $5) 23. Qe3 f5 24. Rxg7+ Kxg7 25.
Rg1 h5 26. h3 $40 {[%csl Rg7][%cal Yg2g4] Inarkiev,E (2679)-Galkin,A (2598)
Konya 2011}) 14. Nd6+ Bxd6 15. Qxd6 Bb7 16. Rd1 $1 {White develops his
initiative without bothering about his king in the centre.} ({This recent idea
seems more testing the the previously played} 16. Kd1 c5 $5 17. Qxc5 (17. Bxc5
Ne4 18. Qe5 Nxc5 19. Qxc5 Qf6 $32 ({or} 19... Rc8 $5 {[%csl Ra1,Rd1,Rh1] can
be dangerous only for White with his uncoordinated rooks.})) (17. Bd3 Rc8 18.
Re1 Be4 (18... Qb6 $1 19. Qxb6 axb6 $11) 19. Bxe4 Nxe4 20. Qe5 Nf6 21. Kc2 (21.
Bxc5 $5 Kf7 22. Ke2 $14) 21... Qa5 22. Bd2 Qa6 23. Qe2 O-O 24. Bc3 Ne8 $132 {
Renet,O (2469)-Tregubov,P (2611) Haguenau 2013}) 17... Be4 18. Qd6 (18. Be2 Rc8
19. Qa3 (19. Qxa7 O-O $44) 19... d6 20. Ke1 (20. Qa4+ Rc6 21. Qxa7 O-O $44)
20... O-O 21. Rd1 d5 22. Bd4 Rf7 (22... Qe8 $5) 23. c5 (23. Qa6 $5) 23... a5 (
23... Bxg2 24. Rg1 Be4 25. b4 Bf5 $15 {[%cal Yf6e4]}) 24. Rf1 $2 (24. Rg1 $13)
24... Bxg2 25. Rg1 Be4 26. Qg3 Bg6 27. Bf3 Qf8 28. h4 Nd7 29. h5 Bf5 $17 {
[%csl Rc5] Akopian,V (2713)-Radjabov,T (2742) Heraklio 2007 This game
illustrates the problems White faces with his almost permanently wandering
king.}) 18... Rc8 19. Bxa7 Rc6 20. Qb8 Rc8 21. Qd6 Rc6 22. Qb8 Rc8 23. Qe5 ({
The sensible choice is} 23. Qd6 $142 $11) 23... O-O 24. Bd4 (24. Be2 Qe7 25.
Bd4 d6 26. Qg5 e5 27. fxe5 dxe5 28. Bc3 Qa7 29. Rf1 Bg6 30. Rf3 Qg1+ 31. Rf1
Qb6 32. Rf3 Ne4 $40 {Rivas Romero,G (2285)-Troia,E (2294) email 2012}) 24...
Kh8 (24... Qe7 $44 {[%cal Yd7d6]}) ({or} 24... Bf5 $5 {are possible
alternatives; in both cases Black has compensation.}) 25. Be2 d5 26. c5 Qa5 27.
a3 Rxc5 28. Bxc5 Qxc5 29. Rc1 Qb6 $13 {Najer,E (2627)-Khairullin,I (2554)
Plovdiv 2008 Even an exchange down Black is not without play, but he didn't
make most of his chances in the further course of the game.}) ({Yu recently
faced a similar attempt} 16. Kd3 c5 $5 17. Kc2 Rc8 (17... Ne4 $1 {, followed
by 0-0 looks even better for Black.}) 18. Bd3 Qb6 19. Qxb6 axb6 20. Rhe1 Bxg2
21. Rg1 Be4 22. Rxg7 Bg6 23. Bxg6+ hxg6 24. Rg1 Rxh2+ 25. Kc1 Ra8 26. Kb1 Re2
27. Bc1 Ra4 28. R7xg6 Ne4 $11 {/=/+, Lu,S (2606)-Yu,Y (2723) Xinghua 2015})
16... Rc8 ({Here the sacrifice is already less attractive and White was on top
after} 16... c5 17. Qxc5 Be4 18. Ke1 (18. Rd4 Qb8 19. b3 Kf7 20. Rg1 Rc8 21.
Qe5 Qb7 22. Rd6 Rc6 23. Ke1 Qb4+ 24. Rd2 Bf5 25. Be2 $16 {Savchenko,B (2556)
-Tregubov,P (2571) St Petersburg rpd 2015}) 18... Rc8 19. Qa3 Rf8 20. Be2 Kf7
21. Rg1 Kg8 22. Qxa7 d5 23. c5 Bc2 24. Rc1 d4 25. Rxc2 dxe3 26. Qa4 Qe7 27. Qc4
Nd5 28. g3 Kh8 29. Bf3 Qf6 30. c6 $16 {Daubenfeld,G (2233)-Anderson,J (2358)
email 2009 Although improvements for both sides are quite likely, in general
it doesn't seem that Black has enough here.}) 17. g4 $146 {[%mdl 8]} (17. Qc5
Qb6 18. Qxb6 axb6 19. Bxb6 c5 20. a4 d5 21. a5 Nd7 22. Kf2 Rf8 23. Kg3 Nxb6 24.
axb6 Rc6 25. cxd5 Rxb6 $132 {Dicker,F (2301)-Murlasits,M (2166) email 2010}) (
17. c5 {led to a sterile endgame after} Ba6+ 18. Kf3 Bxf1 19. Rhxf1 Nd5 20. g3
Rf8 21. Rfe1 Qc7 22. Qxc7 Rxc7 23. h4 Nxe3 24. Rxe3 Rb7 25. b3 Rf5 26. Re5 Rxe5
27. fxe5 Rb4 28. Rd3 h5 29. a3 $11 {½, Simmelink,J (2263)-Bancevich,S (2223)
email 2009}) ({Formally the text move is a novelty, although} 17. Rg1 c5 {
would probably only transpose after} 18. g4) 17... c5 {Logical, as after} (
17... Nxg4 $2 18. Bc5 $40 {[%csl Rb7,Re8] the Bb7 stays offside and Black will
soon have problems with his king.}) 18. Rg1 Rf8 {After the official theory
ends, the game quickly reaches its critical point.} (18... Qe7 19. Bg2 Qxd6 20.
Rxd6 Ke7 21. Bxb7 Kxd6 22. Rd1+ Ke7 23. g5 Nh5 24. Bxc8 Rxc8 25. Rd3 d6 26. Ra3
Rc7 27. Kd3 Kd7 28. Ra5 Kc8 29. a3 {[%cal Yb2b4]} Rf7 30. Ra6 $36 {Blauhut,H 
(2514)-Chiru,I (2532) email 2009 The endgame is decidedly unpleasant for Black
- he has zero winning chances and is under strong pressure.}) ({The engine
recommendation is} 18... Rc6 {, but I suspect Karjakin was well prepared for
this. The complications seem to favour White, a sample line is} 19. Qe5 O-O 20.
Bg2 d5 (20... Nxg4 21. Qc3 d5 22. cxd5 Ba6+ 23. Kd2 Nxe3 24. Kxe3 Rb6 25. Bh3
$36) 21. cxd5 Ba6+ 22. Ke1 $1 (22. Kd2 Bc4 23. Kc1 exd5 24. Qc3 $14 {is
perhaps also better, but less incisive.}) 22... Nxg4 23. Qh5 Nxe3 24. Be4 $1
$16) 19. f5 $1 (19. Bxc5 $6 Rf7 $36 {[%cal Rf6e4] prematurely opens the
position.}) 19... Qb6 $6 {Probably the first step in the wrong direction.} (
19... exf5 $6 {already allows} 20. Bxc5 $16) (19... Ne4 $142 $1 20. Qe5 Qf6 21.
Qxf6 Rxf6 $132) 20. fxe6 dxe6 21. g5 Nd5 {A difficult decision.} (21... Qxd6 $5
22. Rxd6 Ke7 {was maybe better, as it forces White to choose:} 23. Rxe6+ $5 (
23. Rd3 Ng4 $1 24. Bg2 Bxg2 25. Rxg2 Nxe3 26. Kxe3 Rf5 $132) (23. gxf6+ Kxd6
24. fxg7 Rg8 25. Bh6 $44) 23... Kxe6 24. Bh3+ Kf7 25. Bxc8 Rxc8 26. gxf6 gxf6
$14 {[%csl Ra7,Gb7,Rc5,Ge3,Rf6,Rh7] All Black's pawns are isolated, but the ^-
give him drawing chances.}) 22. Qxb6 Nxb6 23. Ke1 $14 {[%csl Ra7,Rc5,Ge3,Re6,
Gf1][%mdl 4128] /+/- In the endgame White has the bishop pair and a better
pawn structure; these strategic pluses give him a long-lasting pull.} Nd7 24.
Be2 Ke7 (24... Bf3 25. Rf1 Bxe2 26. Rxf8+ $1 Nxf8 (26... Kxf8 27. Rxd7 Bxc4 28.
Rxa7 $16 {[%csl Ga2]}) 27. Kxe2 $14 {/+/-}) ({The more active} 24... Ne5 $5 {
deserves attention.}) 25. Rd3 Be4 (25... Ne5 26. Ra3 a6 27. Ra5 Kd6 28. Rf1 $36
) 26. Ra3 Rc7 27. Kd2 e5 28. Rf1 $1 Rb8 {Yu retains the rooks in a hope for
more effective future counterplay, but the game won't confirm this, as his
forces remain passive.} (28... Rxf1 29. Bxf1 $16 {is depressing, but probably
the lesser evil.}) 29. Kc3 Rb6 30. Rd1 Rbc6 31. Bg4 Nb6 32. Ra5 {White
coordinates all his forces.} g6 33. b3 ({Even more incisive is} 33. Re1 $1 {
[%csl Re4] /\} Bf5 34. Bxf5 gxf5 35. Bf4 $18 {[%csl Re5]}) 33... Bf5 34. Be2
Nd7 35. a3 Be6 36. h4 {White is in no hurry and gradually tightens the screw.}
Bf7 $6 {Hastens the end, but the position seems beyond saving anyway.} (36...
Rb6 37. Rxd7+ $5 (37. Bf3 $16) 37... Kxd7 38. Bxc5 Rb8 39. a4 $5 $16 {[%csl
Ra7] /+- and after the fall of Pa7, the connected passed pawns should decide
the issue.}) (36... Bf5 37. Bf3 $5 e4 38. Be2 $16 {[%cal Yb3b4,Ye3f4] /+-}) 37.
Bf3 Rb6 (37... Rd6 38. Rxd6 Kxd6 39. Ra6+ Ke7 40. Bg4 {[%cal Ye3f2,Yf2g3] and
Black is practically paralysed:} Nb6 41. a4 $18) 38. Rxd7+ $1 Kxd7 39. Bxc5 e4
(39... Rb8 40. Bxa7 Rbc8 41. Bb6 $18) 40. Bg4+ (40. Bg4+ Kc6 41. Bxb6 axb6 42.
Re5 $18 {and Black will be 2 pawns down without any counterplay.}) 1-0

[Event "EU-Cup 32nd"]
[Site "Novi Sad"]
[Date "2016.11.09"]
[Round "4.4"]
[White "Vallejo Pons, Francisco"]
[Black "Bokros, Albert"]
[Result "1-0"]
[WhiteElo "2716"]
[BlackElo "2492"]
[Annotator "Szabo,Kr"]
[PlyCount "107"]
[EventDate "2016.11.06"]
[EventType "team-swiss"]
[EventRounds "7"]
[EventCountry "SRB"]
[SourceTitle "CBM 176"]
[Source "ChessBase"]
[SourceDate "2017.01.17"]
[SourceVersion "1"]
[SourceVersionDate "2017.01.17"]
[SourceQuality "1"]
[WhiteTeam "Ashdod"]
[BlackTeam "Dunajska Streda"]
[WhiteTeamCountry "ISR"]
[BlackTeamCountry "SVK"]

1. e4 c5 2. Nf3 e6 3. Nc3 Nc6 4. d4 cxd4 5. Nxd4 Nf6 6. a3 (6. Ndb5) ({and} 6.
Nxc6 {are much more popular main lines.}) 6... Qc7 7. Be2 a6 8. f4 Nxd4 (8...
d6 9. Be3 {transposes to the Scheveningen System.}) 9. Qxd4 Bc5 {This is a
typical idea in the 2...e6 system: Black doesn't want to play ...d6, he would
like to activate his dark-squared bishop.} 10. Qd3 d5 11. e5 Nd7 $146 {New
move.} (11... Ne4 $5 {is a positional pawn sacrifice,} 12. Nxe4 dxe4 13. Qxe4
Bd7 14. Be3 $1 (14. Bd3 $6 Qb6 15. Qe2 O-O 16. b4 Bd4 17. Rb1 f6 $36 {
Fedorchuk-Terrieux, Belfort 2012, with a strong initiative for the pawn.})
14... Bc6 15. Qd3 Rd8 16. Qc3 Bxe3 17. Qxe3 Bxg2 18. Rg1 Qc6 $13 {with a
complicated middlegame.}) 12. Qg3 O-O 13. Bd3 {This looks like a slightly
strange manoeuvre, because White has already lost a tempo with Be2. The
structure is like a French Steinitz variation.} f5 $6 {This reply is too
nervous!} ({The straightforward} 13... b5 {was more natural,} 14. Ne2 f6 $1
$132 {with a double-edged fight.}) 14. Ne2 b5 15. Be3 $1 {The right strategy.
White likes to exchange the dark-squared bishops, because then he can gain the
d4-square for his knight.} Qa5+ 16. c3 Qc7 {Black provokes c3, but I don't
know why it is so good for Black.} 17. Bd4 $6 (17. Bxc5 $1 {was more accurate,}
Nxc5 18. Nd4 {with a comfortable position for White.}) 17... Be7 $1 {Black
avoids the exchange of the dark-squared bishops and he is ready to play ...
Nc5-e4.} 18. b4 {Otherwise ...Nc5.} Nb6 19. Qf3 a5 20. O-O ({If White captures
the pawn with} 20. Bxb5 axb4 21. cxb4 Ba6 22. Bxa6 Rxa6 $44 {Black could
exchange the light-squared bishops, so he has enough compensation for the pawn.
}) 20... Nc4 21. Bxc4 Qxc4 22. Bb6 $1 {A nice move, now Black can't keep the
tension on the queenside.} a4 23. Bd4 Bd7 24. Nc1 Be8 25. Nd3 Bh5 {Black tries
to activate his "bad bishop", of course White doesn't exchange it.} 26. Qe3 Rf7
27. Nc5 Bxc5 28. bxc5 $1 {A very good move, White creates a passed pawn,
moreover he opens the b-file for his rooks.} Qe2 29. Qc1 Rc7 30. h3 Qd3 31. Qe1
(31. Kh2 $5) 31... h6 $6 {A dubious move, which creates a new weakness on the
kingside.} (31... Qe2 32. Qh4 {is also fine for White.}) 32. Qh4 Be2 33. Rf2
Bd1 34. Kh2 Bb3 35. Re1 Re8 36. Qh5 Ree7 37. Qg6 ({The immediate} 37. g4 $1 $16
{was the best move, White's main battlefield is the kingside, so he needs to
attack there.}) 37... Bc4 38. g4 {I don't really understand, why White
exchanges the queens, but of course the endgame is also better for him.} fxg4
39. Qxd3 Bxd3 40. hxg4 {Suddenly White exchanged the queens, which is strange
for me. White had a strong attack on the kingside, so I think it would be good
to keep the queens on board.} Be4 $6 {Inaccuracy.} ({It was very important to
avoid f5 with} 40... g6 $1 {,} 41. Kg3 h5 {and it is not clear, how can White
break Black's fortress.}) 41. f5 $1 {After this break-through White has a good
chance to penetrate Black's position.} h5 {Attempt to disrupt White's pawn
structure.} 42. Rg1 (42. f6 {was the most tempting,} gxf6 43. exf6 Rh7 44. g5
Kf7 45. Rb2 Bd3 46. Rd1 $1 $16 {and White is better, because the bishop has to
leave one of the important diagonals.}) 42... hxg4 43. f6 Rf7 $6 (43... gxf6 {
was tougher,} 44. Rxg4+ (44. exf6 $6 {could have been met by} Rh7+ 45. Kg3 Bf5
{and Black has a chance to survive}) 44... Rg7 45. Rxg7+ Kxg7 (45... Rxg7 $2 {
is bad, as} 46. exf6 Rh7+ 47. Kg3 Kf7 48. c6 $18 {and White is winning}) 46.
exf6+ Kf7 47. Rb2 Bd3 48. Rg2 Bg6 49. Rg5 $16 {and still it will be a long
period of torture for Black!}) 44. Rxg4 Kf8 45. Rb2 $1 Bd3 46. Rg3 $1 $18 {
A very unpleasant move for Black; now the bishop has to decide, which diagonal
it will leave.} Bc4 (46... Be4 47. Rxb5 $18) 47. Rbg2 Bf1 48. Rf2 Bc4 49. Kg1 (
49. c6 $18 {was the most accurate reply!}) 49... Ke8 50. Rh2 gxf6 51. exf6 e5
52. Bxe5 Rxc5 53. Bd4 Rcc7 54. Rg7 {Now we can see the difference between the
bishops. Black resigned.} 1-0

[Event "Budapest FTC"]
[Site "Budapest"]
[Date "1977.06.17"]
[Round "3"]
[White "Tompa, Janos"]
[Black "Szymczak, Zbigniew"]
[Result "1/2-1/2"]
[WhiteElo "2410"]
[BlackElo "2390"]
[Annotator "Tompa"]
[PlyCount "80"]
[EventDate "1977.06.15"]
[EventType "tourn"]
[EventRounds "13"]
[EventCountry "HUN"]
[SourceTitle "EXT 2021"]
[Source "ChessBase"]
[SourceDate "2020.10.23"]
[SourceVersion "1"]
[SourceVersionDate "2020.10.23"]
[SourceQuality "1"]

1. e4 c5 2. Nf3 e6 3. d4 cxd4 4. Nxd4 Nf6 5. Nc3 Nc6 6. Nxc6 bxc6 7. e5 Nd5 8.
Ne4 f5 9. exf6 Nxf6 10. Nd6+ Bxd6 11. Qxd6 Qa5+ 12. Bd2 Qd5 13. Bb4 Qxd6 14.
Bxd6 Ne4 15. Ba3 (15. Be5 $5) 15... d5 16. Bd3 Nf6 17. O-O-O Kf7 18. Rhe1 Re8
19. Bd6 (19. c3 $1) 19... a5 20. c3 Ba6 21. Bc2 Red8 22. Bc7 Rd7 23. Be5 Re7
24. f3 Nd7 25. Bd6 Ree8 26. g4 g6 27. h4 Rac8 28. Rd4 Bb5 29. g5 e5 30. Rd2 Ke6
31. Bxe5 Nxe5 32. f4 Kd6 33. fxe5+ Rxe5 34. Rxe5 Kxe5 35. Rf2 Rc7 36. Rf8 Re7
37. Rf6 c5 38. Kd2 Rb7 39. b3 Ra7 40. Ke3 a4 1/2-1/2